Chanteurs ayant vendu le plus de disques - Statistiques

Statistiques générales
  • Ce quiz a été pris 276 fois
  • Le résultat moyen est 5 sur 15
Statistiques - réponses
Nombre de disques Chanteurs % Correct
1 milliard Michael Jackson
90%
1 milliard Beatles
70%
1 milliard Elvis Presley
69%
300 millions Rolling Stones
63%
300 millions Madonna
60%
300 millions Queen
46%
300 millions Elton John
43%
300 millions ABBA
29%
300 millions Led Zeppelin
15%
300 millions Paul McCartney
8%
500 millions Tino Rossi
8%
300 millions Julio Iglesias
6%
500 millions Bing Crosby
4%
300 millions Nana Mouskouri
3%
300 millions Johnny Mathis
1%
Aucun quiz correspondant
Distribution des résultats
% des personnes avec chaque résultat
Percentile par nombre de réponses
Votre historique - résultats
Vous n’avez pas pris ce quiz